The Cambridge encyclopedia of the English language / (Record no. 1045)

000 -LEADER
fixed length control field 01245nam a22003137a 4500
001 - CONTROL NUMBER
control field 653035
003 - CONTROL NUMBER IDENTIFIER
control field OSt
005 - DATE AND TIME OF LATEST TRANSACTION
control field 20210426121334.0
008 - FIXED-LENGTH DATA ELEMENTS--GENERAL INFORMATION
fixed length control field 941026s1995 enkab bf 001 0 eng
010 ## - LIBRARY OF CONGRESS CONTROL NUMBER
LC control number 94023918
020 ## - INTERNATIONAL STANDARD BOOK NUMBER
International Standard Book Number 0521401798 (hc)
040 ## - CATALOGING SOURCE
Original cataloging agency DLC
Transcribing agency DLC
Modifying agency DLC
Language of cataloging eng
041 ## - LANGUAGE CODE
Language code of text/sound track or separate title eng
050 00 - LIBRARY OF CONGRESS CALL NUMBER
Classification number PE1072
Item number .C68 1995
080 ## - UNIVERSAL DECIMAL CLASSIFICATION NUMBER
Universal Decimal Classification number 811.111
Item number C-91
082 00 - DEWEY DECIMAL CLASSIFICATION NUMBER
Classification number 420
Edition number 20
100 1# - MAIN ENTRY--PERSONAL NAME
Personal name Crystal, David,
Dates associated with a name 1941-
245 14 - TITLE STATEMENT
Title The Cambridge encyclopedia of the English language /
Statement of responsibility, etc. David Crystal.
Remainder of title / by: Cambridge University Press
260 ## - PUBLICATION, DISTRIBUTION, ETC.
Place of publication, distribution, etc. Cambridge [England] ;
-- New York :
Name of publisher, distributor, etc. Cambridge University Press
Date of publication, distribution, etc. 1995.
300 ## - PHYSICAL DESCRIPTION
Extent vii, 489 p.
Other physical details ill., maps (chiefly col.)
Dimensions 30 cm.
504 ## - BIBLIOGRAPHY, ETC. NOTE
Bibliography, etc. note Includes bibliographical references and indexes.
650 #0 - SUBJECT ADDED ENTRY--TOPICAL TERM
Topical term or geographic name entry element English language
General subdivision Handbooks, manuals, etc.
653 ## - INDEX TERM--UNCONTROLLED
Uncontrolled term ინგლისური ენა
856 41 - ELECTRONIC LOCATION AND ACCESS
Materials specified Table of contents
Uniform Resource Identifier <a href="http://www.loc.gov/catdir/toc/cam023/94023918.html">http://www.loc.gov/catdir/toc/cam023/94023918.html</a>
856 42 - ELECTRONIC LOCATION AND ACCESS
Materials specified Publisher description
Uniform Resource Identifier <a href="http://www.loc.gov/catdir/description/cam026/94023918.html">http://www.loc.gov/catdir/description/cam026/94023918.html</a>
906 ## - LOCAL DATA ELEMENT F, LDF (RLIN)
a 7
b cbc
c orignew
d 1
e ocip
f 19
g y-gencatlg
942 ## - ADDED ENTRY ELEMENTS (KOHA)
Source of classification or shelving scheme
Koha item type Books
Holdings
Withdrawn status Lost status Source of classification or shelving scheme Damaged status Not for loan Permanent location Current location Date acquired Inventory number Total Checkouts Full call number Barcode Date last seen Price effective from Koha item type
          Ken Walker International University Ken Walker International University 01/28/2021 2521   811.111 C-91 2521 01/28/2021 01/28/2021 Books

Powered by Koha